| Tag |
First Indicator |
Second Indicator |
Subfields |
| LEADER |
00000cam a2200000 a 4500 |
| 001 |
in00005702921 |
| 005 |
20260318173619.2 |
| 006 |
m o d |
| 007 |
cr zn||||||||| |
| 008 |
000502s2000 enk ob 001 0 eng d |
| 040 |
|
|
|a MT4IT
|b eng
|e pn
|c MT4IT
|d OCLCQ
|d IDEBK
|d OCLCQ
|d OCLCF
|d OCLCO
|d YDXCP
|d OCLCQ
|d STBDS
|d Z5A
|d FIE
|d OCLCQ
|d CEF
|d U3W
|d LHU
|d YOU
|d CNTRU
|d OL$
|d OCLCQ
|d OCL
|d MVS
|d HS0
|d INARC
|d SFB
|d OCLCO
|d OCLCQ
|d OCLCL
|d OCLCQ
|d Q2U
|
| 019 |
|
|
|a 455976026
|a 756883311
|a 777985033
|a 814479134
|a 824560910
|a 1109206990
|a 1316081450
|
| 020 |
|
|
|z 0198297432
|q (Cloth)
|
| 020 |
|
|
|a 1280819464
|
| 020 |
|
|
|a 9781280819469
|
| 035 |
|
|
|a (OCoLC)252662132
|z (OCoLC)455976026
|z (OCoLC)756883311
|z (OCoLC)777985033
|z (OCoLC)814479134
|z (OCoLC)824560910
|z (OCoLC)1109206990
|z (OCoLC)1316081450
|
| 043 |
|
|
|a ee-----
|a e-pl---
|a a------
|
| 050 |
|
4 |
|a HC244
|b .K6315 2000eb
|
| 055 |
1 |
3 |
|a HC244
|b .K6315 2000eb
|
| 082 |
0 |
4 |
|a 338.9/009171/7
|2 21
|
| 084 |
|
|
|a 83.25
|2 bcl
|
| 084 |
|
|
|a 8
|2 ssgn
|
| 084 |
|
|
|a QG 470
|2 rvk
|
| 049 |
|
|
|a TXAM
|
| 100 |
1 |
|
|a Kołodko, Grzegorz W.
|
| 245 |
1 |
0 |
|a From shock to therapy :
|b the political economy of postsocialist transformation /
|c Grzegorz W. Kolodko.
|
| 246 |
3 |
0 |
|a Political economy of postsocialist transformation
|
| 260 |
|
|
|a Oxford :
|b Oxford University Press,
|c 2000.
|
| 300 |
|
|
|a 1 online resource (xi, 457 pages)
|
| 336 |
|
|
|a text
|b txt
|2 rdacontent
|
| 337 |
|
|
|a computer
|b c
|2 rdamedia
|
| 338 |
|
|
|a online resource
|b cr
|2 rdacarrier
|
| 490 |
1 |
|
|a UNU/Wider studies in development economics
|
| 504 |
|
|
|a Includes bibliographical references and index.
|
| 588 |
0 |
|
|a Print version record.
|
| 505 |
0 |
0 |
|g 1.
|t Transition from Socialism: Where To? --
|g 2.
|t Different Points of Departure --
|g 3.
|t Systemic Change and Economic Performance --
|g 4.
|t Transitional Recession: Expectations, Reality, Interpretations --
|g 5.
|t The Washington Consensus Revisited --
|g 6.
|t Transition Policy and Development Strategy --
|g 7.
|t Transition from Plan to Market: Concept and Implementation --
|g 8.
|t Financial Reform and Policy --
|g 9.
|t The Redistribution of the Costs and Benefits of Transition --
|g 10.
|t Marketization and Democratization --
|g 11.
|t From Recovery to Sustained Growth --
|g 12.
|t The Internationalization of Postsocialist Economies --
|g 13.
|t The Long-term Perspectives --
|g 14.
|t Doubts and Conclusions --
|g pt. 1.
|t Selected economic indicators, 1990-1998 --
|g pt. 2.
|t The forecast for 1999-2002.
|
| 546 |
|
|
|a English.
|
| 650 |
|
0 |
|a Post-communism
|v Case studies.
|
| 650 |
|
0 |
|a Privatization
|v Case studies.
|
| 651 |
|
0 |
|a Europe, Eastern
|x Economic policy
|y 1989-
|
| 651 |
|
0 |
|a Poland
|x Economic policy
|y 1990-
|
| 651 |
|
0 |
|a China
|x Economic policy
|y 1976-2000.
|
| 651 |
|
0 |
|a Vietnam
|x Economic policy.
|
| 650 |
|
6 |
|a Postcommunisme
|v Études de cas.
|
| 650 |
|
6 |
|a Privatisation
|v Études de cas.
|
| 651 |
|
6 |
|a Europe de l'Est
|x Politique économique
|y 1989-
|
| 651 |
|
6 |
|a Pologne
|x Politique économique
|y 1990-
|
| 651 |
|
6 |
|a Chine
|x Politique économique
|y 1976-2000.
|
| 651 |
|
6 |
|a Viêt-nam
|x Politique économique.
|
| 650 |
|
7 |
|a Economic policy.
|2 fast
|0 (OCoLC)fst00902025
|
| 650 |
|
7 |
|a Post-communism.
|2 fast
|0 (OCoLC)fst01072730
|
| 650 |
|
7 |
|a Privatization.
|2 fast
|0 (OCoLC)fst01077649
|
| 651 |
|
7 |
|a China.
|2 fast
|0 (OCoLC)fst01206073
|1 https://id.oclc.org/worldcat/entity/E39PBJcrd4RjtCBk4wfMhTwwG3
|
| 651 |
|
7 |
|a Eastern Europe.
|2 fast
|0 (OCoLC)fst01245079
|
| 651 |
|
7 |
|a Poland.
|2 fast
|0 (OCoLC)fst01206891
|1 https://id.oclc.org/worldcat/entity/E39QbtfRgyP3qcDKmj68x7FVbM
|
| 651 |
|
7 |
|a Vietnam.
|2 fast
|0 (OCoLC)fst01204778
|1 https://id.oclc.org/worldcat/entity/E39PBJjhFyhTBdYgGbRpV6YwYP
|
| 648 |
|
7 |
|a Since 1976
|2 fast
|
| 655 |
|
7 |
|a Electronic books.
|2 local
|
| 655 |
|
7 |
|a Case studies.
|2 fast
|0 (OCoLC)fst01423765
|
| 758 |
|
|
|i has work:
|a From shock to therapy (Text)
|1 https://id.oclc.org/worldcat/entity/E39PCFVffqMXgWtQwvVpwjdbBP
|4 https://id.oclc.org/worldcat/ontology/hasWork
|
| 776 |
0 |
8 |
|i Print version:
|a Kolodko, Grzegorz W.
|t From shock to therapy.
|d Oxford : Oxford University Press, 2000
|w (DLC) 00033981
|
| 776 |
1 |
|
|z 0-19-829743-2
|
| 776 |
1 |
|
|z 0-19-168535-6
|
| 830 |
|
0 |
|a Studies in development economics.
|
| 856 |
4 |
0 |
|u http://proxy.library.tamu.edu/login?url=https://academic.oup.com/book/3445
|z Connect to the full text of this electronic book
|t 0
|
| 936 |
|
|
|a BATCHLOAD
|
| 955 |
|
|
|a Oxford Scholarship Online
|
| 994 |
|
|
|a 92
|b TXA
|
| 999 |
f |
f |
|i 2cd6b70b-19cc-46b1-9a5b-b5b2c5b74cff
|s 1800f92e-391e-40e7-a6ce-ccf172f95273
|t 0
|
| 952 |
f |
f |
|a Texas A&M University
|b College Station
|c Electronic Resources
|s www_evans
|d Available Online
|t 0
|e HC244 .K6315 2000eb
|h Library of Congress classification
|
| 998 |
f |
f |
|a HC244 .K6315 2000eb
|t 0
|l Available Online
|